000 00482nam a2200169Ia 4500
003 GCL
008 140319s9999 xx 000 0 eng d
040 _aGCL /
_cGCL
082 0 4 _a920.71
_bC A
100 1 _aGRAIG, TERUKO
245 1 0 _aTHE AUTOBIOGRAPHY OF SHIBUSAWA EIICHI FROM PEASANT TO ENTREPRENEUR /
_cGRAIG, TERUKO
260 _a[S.N] :
_bUNIVERSITY OF TOKYO PRESS ،
_c1994
300 _a192 P
650 0 4 _aAUTOBIOGRAPHY
650 0 4 _aSHIBUSAWA EIICHI
942 _2ddc
_cBK
999 _c10900
_d10900